| 000 | 01328nam a2200349Ia 4500 | ||
|---|---|---|---|
| 001 | ebr10348591 | ||
| 003 | CaPaEBR | ||
| 006 | m u | ||
| 007 | cr cn||||||||| | ||
| 008 | 980501s1998 enka sb 001 0 eng d | ||
| 010 | _z 97062253 | ||
| 020 | _z0761950621 | ||
| 020 | _z076195063X (pbk.) | ||
| 020 | _z9780761950622 | ||
| 040 |
_aCaPaEBR _cCaPaEBR |
||
| 035 | _a(OCoLC)566097691 | ||
| 050 | 1 | 4 |
_aBF637.C6 _bM336 1998eb |
| 100 | 1 | _aMacMillan, Mhairi. | |
| 245 | 1 | 0 |
_aLearning and writing in counselling _h[electronic resource] / _cMhairi MacMillan and Dot Clark. |
| 260 |
_aLondon ; _aThousand Oaks, Calif. : _bSAGE Publications, _c1998. |
||
| 300 |
_aviii, 190 p. : _bill. |
||
| 490 | 1 | _aProfessional skills for counsellors | |
| 504 | _aIncludes bibliographical references and index. | ||
| 533 |
_aElectronic reproduction. _bPalo Alto, Calif. : _cebrary, _d2011. _nAvailable via World Wide Web. _nAccess may be limited to ebrary affiliated libraries. |
||
| 650 | 0 | _aCounseling. | |
| 650 | 0 | _aWritten communication. | |
| 655 | 7 |
_aElectronic books. _2local |
|
| 700 | 1 | _aClark, Dot. | |
| 710 | 2 | _aebrary, Inc. | |
| 830 | 0 | _aProfessional skills for counsellors. | |
| 856 | 4 | 0 |
_uhttp://site.ebrary.com/lib/rucke/Doc?id=10348591 _zAn electronic book accessible through the World Wide Web; click to view |
| 999 |
_c29417 _d29417 |
||